000 00570nam a2200229Ia 4500
003 OSt
005 20220918185907.0
006 a|||||r|||| 00| 0
007 ta
008 220917b |||||||| |||| 00| 0 eng d
024 _a53,364
037 _cTextual
040 _aARTS
_cARTS
_beng
041 _2eng
_aeng
082 _aP15, M3
100 _ajke'kkL=h
_970664
245 0 _alaLd`r f'k{k.k lj.kh
260 _agfj;k.kk]
_bjke'kkL=h] Hkkjr
_c1983
300 _a599i`0
_ccm.
942 _hP15, M3
_cTEXL
_2CC
999 _c182613
_d182613